| 000 | 00967cab a2200265 4500 | ||
|---|---|---|---|
| 001 | X80998 | ||
| 008 | 090401t1997 xxu||||| |||| 00| 0 eng d | ||
| 035 | _a(Sirsi) u80998 | ||
| 041 | _aeng | ||
| 100 | _aFrench, N. | ||
| 245 | _aDecision theory and real estate investment | ||
| 260 | _c1997 | ||
| 350 | _a0 | ||
| 490 |
_aJournal of Property Valuation and Investment _v15(3) 1997, 226-232(7) |
||
| 520 | _aExplains that the focus of decision theory is on the mathematical models, yet, much of decision theory does not lie entirely within any one discipline, it draws on psychology, economics, mathematocs, statistics, social sciences and many other areas of study. References. | ||
| 650 | _aDECISION MAKING | ||
| 650 | _aDECISION MODELS | ||
| 650 | _aDECISION THEORY | ||
| 650 | _aPROPERTY INVESTMENT | ||
| 650 | _aRISK ASSESSMENT | ||
| 690 | _aPROPERTY-PROPERTY FINANCE AND INVESTMENT | ||
| 700 | _aFrench, S | ||
| 942 | _n0 | ||
| 948 | _c22/09/1997 | ||
| 999 |
_c51028 _d51028 |
||